000
00312 a2200133 4500
000
nam a22 7a 4500
100
_a
Kazmi, Azhar
110
_a
Kazmi, Azhar
245
_a
Strategic Management
250
_a
5th/Latest edition
260
_b
McGraw Hill
_c
2021
264
_b
McGraw Hill
_c
2021
942
_c
BK
999
_c
396980
_d
396980